Bridges to humanity : narratives on anthropology and friendship /

Bibliographic Details
Other Authors: Grindal, Bruce T., 1940-, Salamone, Frank A.
Format: Book
Language:English
Published: Prospect Heights, Ill. : Waveland Press, 1995.
Subjects:

MARC

Tag First Indicator Second Indicator Subfields
LEADER 00000cam a2200000 a 4500
001 in00001291908
005 20151004094158.0
008 960126s1995 ilu b 000 0 eng d
020 |a 0881338672 
035 |a (OCoLC)34088451 
035 |9 AGZ9164AM 
040 |a IUL  |c IUL  |d YHM  |d TXA  |d UtOrBLW 
049 |a TXAM 
090 |a GN4  |b .B75 1995 
245 0 0 |a Bridges to humanity :  |b narratives on anthropology and friendship /  |c [edited by] Bruce Grindal, Frank Salamone. 
264 1 |a Prospect Heights, Ill. :  |b Waveland Press,  |c 1995. 
300 |a ix, 260 pages ;  |c 23 cm. 
336 |a text  |b txt  |2 rdacontent 
337 |a unmediated  |b n  |2 rdamedia 
338 |a volume  |b nc  |2 rdacarrier 
504 |a Includes bibliographical references. 
505 0 0 |t Eutaw Jack : the man born blind /  |r Michael V. Angrosino --  |t Chinese construction of an American anthropologist /  |r Patricia D. Beaver --  |t My Mexican friend Marta who lives across the border from me in Detroit --  |r Ruth Behar --  |t Turning the storm /  |r Claire R. Farrer --  |t Immortality denied /  |r Bruce T. Grindal --  |t Shared stories /  |r Kirin Narayan --  |t Out of the cold into the darkness : shadows of friendship in Mexico /  |r Gregory G. Reck --  |t Remembering Cinita /  |r Robert Roy Reed --  |t Braided stories : encounters with "the real Omaha" /  |r Robin Ridington --  |t  He sang away my blues /  |r Frank A. Salamone --  |t Wave : fieldwork and friendship in Northern Veracruz, Mexico /  |r Alan R. Sandstrom --  |t Reflecting pool : fieldwork, learning and the Navajo way /  |r Jeanne Simonelli --  |t Carnival mourning /  |r John O. Stewart --  |t I refuse to doubt : an Inuit healer finds a listener /  |r Edith Turner. 
650 0 |a Human beings. 
650 0 |a Humanism. 
650 0 |a Anthropology. 
650 0 |a Friendship. 
700 1 |a Grindal, Bruce T.,  |d 1940- 
700 1 |a Salamone, Frank A. 
999 |a MARS 
999 f f |s 67e1f30b-4f66-3466-bc44-8257c1b497fe  |i 1f02d43b-6840-3f7a-80c8-19a62470d670  |t 0 
952 f f |p normal  |a Texas A&M University  |b College Station  |c Sterling C. Evans Library  |d Evans: Library Stacks  |t 0  |e GN4 .B75 1995  |h Library of Congress classification  |i unmediated -- volume  |m A14819950798 
998 f f |a GN4 .B75 1995  |t 0  |l Evans: Library Stacks